[Event "Preinscritos IRT Online"]
[Site "Chess.com INT"]
[Date "2020.12.26"]
[Round "7"]
[White "Ricaurte Lopez, Juan Carlos"]
[Black "Guerrero Cueva, Juan Eduardo"]
[Result "0-1"]
[WhiteElo "1910"]
[BlackElo "399"]
[PlyCount "54"]
[EventDate "2020.12.26"]
[EventType "swiss"]
[EventRounds "11"]
[EventCountry "ECU"]
[SourceTitle "CBM 200 Extra"]
[Source "ChessBase"]
[SourceDate "2021.03.31"]
[SourceVersion "1"]
[SourceVersionDate "2021.03.31"]
[SourceQuality "1"]

1. e4 c6 2. d4 d5 3. exd5 cxd5 4. c4 Nf6 5. Nc3 Bg4 6. Qb3 Qb6 7. cxd5 Qxb3 8. axb3 a6 9. Be2 Bf5 10. h3 h6 11. Bf4 Nbd7 12. Nf3 Bc2 13. b4 Bb3 14. b5 a5 15. Bc7 b6 16. Ra3 Bxd5 17. b4 e6 18. Ra1 Bxb4 19. Rc1 0-0 20. 0-0 Bxc3 21. Rxc3 Ne4 22. Rc2 a4 23. Nd2 Nef6 24. Nc4 Bxc4 25. Bxc4 Rfc8 26. Ba2 a3 27. Rfc1 Ra5 0-1